Estado y actores sociales
Kaydedildi:
| Materyal Türü: | Kitap |
|---|---|
| Dil: | İspanyolca |
| Baskı/Yayın Bilgisi: |
Santiago
CINDE
1992
|
| Seri Bilgileri: | Cuadernos del Foro '90, 4
|
| Konular: | |
| Etiketler: |
Etiketle
Etiket eklenmemiş, İlk siz ekleyin!
|
MARC
| LEADER | 00000nam a2200000 a 4500 | ||
|---|---|---|---|
| 001 | UCO8134 | ||
| 003 | CL-VaPUC | ||
| 008 | 001201e19920000CL |||||||||||||||||spa|d | ||
| 082 | 0 | 4 | |a 351.81 |b EST |2 21 |
| 245 | 1 | 0 | |a Estado y actores sociales |
| 300 | |a 154 p | ||
| 942 | |c BK | ||
| 945 | |d 20001201 00:00:00 |a crobeson | ||
| 260 | |a Santiago |b CINDE |c 1992 | ||
| 500 | |a Donación del profesor Manfred Wilhelmy von Wolff | ||
| 650 | 0 | |a Estado y sociedad |9 345536 | |
| 650 | 0 | |a Desarrollo económico y social |9 256320 | |
| 650 | 0 | |a Transición democrática |9 336882 | |
| 650 | 7 | |a POLITIA SOCIAL |2 CL-VaPUC |9 452900 | |
| 583 | |a last modification |c 20001201 00:00:00 |k Rodrigo Vera | ||
| 490 | 0 | |a Cuadernos del Foro '90, 4 | |
| 999 | |c 292863 |d 292861 | ||
| 952 | |0 0 |1 0 |4 0 |6 351_810000000000000_EST_1992 |7 0 |8 A |9 343939 |a BIBHIS |b BIBHIS |d 2019-11-20 |i 1235745 |o 351.81 EST 1992 |p 1235745 |r 2025-01-20 |w 2019-11-20 |y BK |k HIS | ||